000 00702nam a2200241 i 4500
001 112352
003 ES-MaACL
005 20251003063119.0
007 t|
008 061121s1966 sp r ||||1| cat d
080 _a331.548
080 _a159.9:331
100 1 _aEspinalt, Carles M.,
_d1920-1993
_984412
245 1 0 _aGuanyarse la vida /
_cCarlos Muñoz Espinalt.
260 _aBarcelona :
_bAymá,
_c1966.
300 _a144 p. ;
_c17 cm.
490 1 _aCol.leccio "Monitor"
650 4 _aOrientación profesional.
_915770
650 7 _aPsicología industrial
_2embne
_9148242
830 1 _aCol.leccio "Monitor"
_9233122
852 4 _aES-MaACL
_jC-30069
999 _c112352
_d112352